000 00680cam a2200145 4500
001 5947
005 20181127180615.0
010 _a 2002279857
020 _a9789993604228
100 1 _aDepartment of curriculum research and development, MoE and department of information and media, MoIC.
245 1 0 _aAn introduction to media studies:
_btextbook for class XII /
_cDepartment of curriculum research and development, MoE and department of information and media, MoIC.
260 _aThimphu :
_bDepartment of curriculum research and development, MoE and department of information and media, MoIC,
_c2014.
300 _a166 p. :
_bill. ;
_c25 cm.
650 0 _aMass media
_xStudy and teaching.
999 _c5021
_d5021